Rideout's Principles of Labour Law (Record no. 6405)

000 -LEADER
fixed length control field 00409nam a2200157Ia 4500
008 - FIXED-LENGTH DATA ELEMENTS--GENERAL INFORMATION
fixed length control field 200103s9999||||xx |||||||||||||| ||und||
020 ## - INTERNATIONAL STANDARD BOOK NUMBER
International Standard Book Number 0421296203,
082 ## - DEWEY DECIMAL CLASSIFICATION NUMBER
Classification number Column-19
100 ## - MAIN ENTRY--PERSONAL NAME
Personal name Rideout, Roger W. and Dyson, Jacqueline
245 #0 - TITLE STATEMENT
Title Rideout's Principles of Labour Law
250 ## - EDITION STATEMENT
Edition statement 4th Ed.
260 ## - PUBLICATION, DISTRIBUTION, ETC. (IMPRINT)
Name of publisher, distributor, etc Sweet & Maxwell, London
Date of publication, distribution, etc 1983
300 ## - PHYSICAL DESCRIPTION
Extent lxxxvi, 658
942 ## - ADDED ENTRY ELEMENTS (KOHA)
Item type Books
Holdings
Withdrawn status Lost status Damaged status Not for loan Shelving location Date acquired Barcode Date last seen Koha item type
          2020-01-08 LBS7199 2025-03-17 Books
Copyright © 2021 Indian Maritime University, Mumbai Port Campus. All Rights Reserved. Managed & Maintained by Central Library, IMU-Mumbai

webs counters

Powered by Koha